Value creators in education / (Record no. 126364)

MARC details
000 -LEADER
fixed length control field 00780nam a22002417a 4500
005 - DATE AND TIME OF LATEST TRANSACTION
control field 20170124110009.0
010 ## - LIBRARY OF CONGRESS CONTROL NUMBER
LC control number A-944320
020 ## - INTERNATIONAL STANDARD BOOK NUMBER
Terms of availability 00.00
International Standard Book Number 8186030603
035 ## - SYSTEM CONTROL NUMBER
System control number A-944320
037 ## - SOURCE OF ACQUISITION
Source of stock number/acquisition Cen Lib/Ret
040 ## - CATALOGING SOURCE
Original cataloging agency DPL
Language of cataloging EN
082 ## - DEWEY DECIMAL CLASSIFICATION NUMBER
Classification number 370.1
Item number SHA
100 ## - MAIN ENTRY--PERSONAL NAME
Personal name Sharma, Namrata
9 (RLIN) 17343
245 ## - TITLE STATEMENT
Title Value creators in education /
Statement of responsibility, etc by Namrata Sharma
Remainder of title japanese educator makiguchi & mahatma gandhi and relevance for india education /
250 ## - EDITION STATEMENT
Edition statement 2nd ed
260 ## - PUBLICATION, DISTRIBUTION, ETC. (IMPRINT)
Place of publication, distribution, etc New Delhi
Name of publisher, distributor, etc Regency Publications
Date of publication, distribution, etc 1999
270 ## - ADDRESS
City New Delhi
Address 20/36, Old Market West Patel Nagar
300 ## - PHYSICAL DESCRIPTION
Extent 136p.;
Dimensions 21cm(Hb)
Other physical details ill.
500 ## - GENERAL NOTE
General note Includes index
650 ## - SUBJECT ADDED ENTRY--TOPICAL TERM
Topical term or geographic name as entry element Education
9 (RLIN) 1169
650 ## - SUBJECT ADDED ENTRY--TOPICAL TERM
Topical term or geographic name as entry element Education values
9 (RLIN) 17344
942 ## - ADDED ENTRY ELEMENTS (KOHA)
Source of classification or shelving scheme Dewey Decimal Classification
Koha item type English Books
Classification part 370.1
Call number suffix SHA
Holdings
Withdrawn status Lost status Damaged status Not for loan Home library Current library Date acquired Source of acquisition Cost, normal purchase price Total Checkouts Full call number Barcode Date last seen Copy number Cost, replacement price Price effective from Koha item type Public note
Written off       Central Library Central Library 25/06/2015 Cen Lib/Ret 0.00   370.1 SHA A-944320 25/06/2015 1 0.00 25/06/2015 English Books W/d List No. 6896/24 ; dtd 19/10/2020

© Delhi Public Library
Hit Counter
free hit counter